Victims perpetrators or actors (Record no. 586205)

MARC details
000 -LEADER
fixed length control field 00808nam a2200265Ia 4500
003 - CONTROL NUMBER IDENTIFIER
control field OSt
005 - DATE AND TIME OF LATEST TRANSACTION
control field 20220925230634.0
008 - FIXED-LENGTH DATA ELEMENTS--GENERAL INFORMATION
fixed length control field 220923b |||||||| |||| 00| 0 eng d
020 ## - INTERNATIONAL STANDARD BOOK NUMBER
International Standard Book Number 1856498980
037 ## - SOURCE OF ACQUISITION
Terms of availability General Book
040 ## - CATALOGING SOURCE
Original cataloging agency RTL
Transcribing agency RTL
Language of cataloging eng
041 ## - LANGUAGE CODE
Source of code eng
Language code of text/sound track or separate title eng
100 ## - MAIN ENTRY--PERSONAL NAME
Personal name Moser Caroline O.N
9 (RLIN) 289542
245 #0 - TITLE STATEMENT
Title Victims perpetrators or actors
Remainder of title Gender armed conflict and political violence
260 ## - PUBLICATION, DISTRIBUTION, ETC.
Place of publication, distribution, etc. London
Name of publisher, distributor, etc. Zed Books
Date of publication, distribution, etc. 2001
300 ## - PHYSICAL DESCRIPTION
Extent xi, 243p
Dimensions cm.
500 ## - GENERAL NOTE
General note Bibliography p 217-235
650 ## - SUBJECT ADDED ENTRY--TOPICAL TERM
Topical term or geographic name entry element Working Women
700 ## - ADDED ENTRY--PERSONAL NAME
Personal name Clark Fiona C Ed.
9 (RLIN) 142222
942 ## - ADDED ENTRY ELEMENTS (KOHA)
Classification part Y15-49:4582, P1
Koha item type General Books
Source of classification or shelving scheme Colon Classification (CC)
Holdings
Withdrawn status Lost status Damaged status Not for loan Home library Current library Date acquired Total Checkouts Full call number Barcode Date last seen Price effective from Koha item type
        Ratan Tata Library Ratan Tata Library 2022-09-25   Y15-49:4582 P1 RT1159756 2022-09-25 2022-09-25 General Books
Copyright @ Delhi University Library System